000 00823nam a22002057a 4500
999 _c9979
_d9979
003 AR-CdUCM
008 190329b ||||| |||| 00| 0 spa d
040 _aMUNICIPALIDAD PROVINCIAL DEL CUSCO
_cBIBLIOTECA MUNICIPAL DEL CUSCO
082 _a335.41 /
_bM26 / 1933
100 _aMarx, Carlos
_92702
245 _aMiseria de la filosofía /
260 _aSantiago de Chile :
_bVanguardia,
_c1933.
300 _a126 páginas ;
_c19 cm.
505 _aContenido: Oposición del valor de utilidad y del valor del cambio -- El valor constituido o el valor sisntético -- Aplicación de la ley de las proporcionalidades del valor -- La metafísica de la economía política ...
650 _aMaterialismo histórico
_94121
650 _aEconomía marxista
_99822
650 _aMarxismo
_924
942 _2ddc
_cLIBROS
945 _aacv